[Event "Managua Hurtado Memorial 15th"]
[Site "Managua"]
[Date "2015.12.30"]
[Round "9"]
[White "Mejia, Giusseped"]
[Black "Alfaro Caracas, William"]
[Result "0-1"]
[WhiteElo "1982"]
[BlackElo "2164"]
[PlyCount "74"]
[EventDate "2015.12.26"]
[EventType "swiss"]
[EventRounds "9"]
[EventCountry "NCA"]
[SourceTitle "CBM 170 Extra"]
[Source "ChessBase"]
[SourceDate "2016.02.25"]
[SourceVersion "1"]
[SourceVersionDate "2016.02.25"]
[SourceQuality "1"]

1. e4 g6 2. d4 c6 3. Nc3 d5 4. e5 h5 5. Be3 Nh6 6. f3 Nf5 7. Bf2 Bh6 8. Qd3 b6 9. g4 Ba6 10. Qd1 Bxf1 11. Kxf1 Ne3+ 12. Bxe3 Bxe3 13. Qd3 Bh6 14. e6 Qd6 15. exf7+ Kxf7 16. gxh5 gxh5 17. Nge2 Nd7 18. Kf2 Raf8 19. Raf1 Ke8 20. Ke1 Kd8 21. Qa6 Qc7 22. b4 b5 23. Rhg1 Rf6 24. Rg3 Rhf8 25. Rh3 Rf5 26. Nxb5 cxb5 27. Qxh6 Qxc2 28. Kf2 R5f6 29. Qxh5 Re6 30. Re1 Nf6 31. Qh4 Qd2 32. Kf1 Ne4 33. f4 Ref6 34. Rf3 Qxb4 35. Kg2 Rg8+ 36. Kh1 Rh6 37. Rb3 Rxh4 0-1

[Event "Managua Hurtado Memorial 15th"]
[Site "Managua"]
[Date "2015.12.30"]
[Round "8"]
[White "Pilarte, Mario"]
[Black "Mejia, Giusseped"]
[Result "1/2-1/2"]
[WhiteElo "1900"]
[BlackElo "1982"]
[PlyCount "90"]
[EventDate "2015.12.26"]
[EventType "swiss"]
[EventRounds "9"]
[EventCountry "NCA"]
[SourceTitle "CBM 170 Extra"]
[Source "ChessBase"]
[SourceDate "2016.02.25"]
[SourceVersion "1"]
[SourceVersionDate "2016.02.25"]
[SourceQuality "1"]

1. e4 c5 2. Nf3 d6 3. d4 cxd4 4. Nxd4 Nf6 5. Nc3 Nc6 6. Bc4 Qb6 7. Nxc6 bxc6 8. 0-0 g6 9. Be3 Qc7 10. Qd2 Bg7 11. Bb3 0-0 12. h3 Rd8 13. Rad1 Ba6 14. Rfe1 d5 15. exd5 cxd5 16. Bd4 e6 17. Qe3 Nh5 18. g4 Bxd4 19. Rxd4 Ng7 20. Ne2 Bxe2 21. Rxe2 Ne8 22. h4 Nd6 23. Qe5 Nb5 24. Qxc7 Nxc7 25. Red2 Nb5 26. R4d3 Nd6 27. c4 dxc4 28. Bxc4 Nb7 29. Rxd8+ Rxd8 30. Rxd8+ Nxd8 31. b4 Kf8 32. Kf1 Ke7 33. Ke1 Kd6 34. Kd2 Nc6 35. a3 Ne5 36. Be2 h6 37. Kc3 g5 38. hxg5 hxg5 39. Kd4 f5 40. gxf5 exf5 41. a4 g4 42. b5 f4 43. a5 g3 44. fxg3 fxg3 45. Bf1 Ng6 1/2-1/2

[Event "Managua Hurtado Memorial 15th"]
[Site "Managua"]
[Date "2015.12.28"]
[Round "5"]
[White "Mejia, Giusseped"]
[Black "Garcia Mendez, Alcira Guadalupe"]
[Result "1/2-1/2"]
[WhiteElo "1982"]
[BlackElo "1806"]
[PlyCount "101"]
[EventDate "2015.12.26"]
[EventType "swiss"]
[EventRounds "9"]
[EventCountry "NCA"]
[SourceTitle "CBM 170 Extra"]
[Source "ChessBase"]
[SourceDate "2016.02.25"]
[SourceVersion "1"]
[SourceVersionDate "2016.02.25"]
[SourceQuality "1"]

1. e4 e5 2. Nf3 Nc6 3. Bb5 Bc5 4. 0-0 Nd4 5. Nxd4 Bxd4 6. c3 Bb6 7. d4 c6 8. Ba4 d6 9. f4 Nf6 10. Bc2 0-0 11. Na3 Re8 12. fxe5 dxe5 13. Bg5 exd4 14. Kh1 dxc3 15. Qe1 cxb2 16. Rd1 Qe7 17. Nc4 Bc7 18. Qh4 Qe6 19. e5 Qg4 20. exf6 Qxh4 21. Bxh4 Bg4 22. Rde1 Be2 23. Bb3 Bxf1 24. Rxf1 Re2 25. fxg7 Kxg7 26. Nxb2 Bd8 27. Bg3 Bf6 28. Nd3 Rd8 29. Nf4 Re5 30. Bd1 Rd2 31. a3 Ra2 32. Nh5+ Rxh5 33. Bxh5 Rxa3 34. Bf4 a5 35. g4 Ra1 36. Rxa1 Bxa1 37. g5 a4 38. Bd1 b5 39. Bf3 c5 40. Bc6 b4 41. Bxa4 Bd4 42. Bb3 f6 43. Kg2 fxg5 44. Bxg5 Kg6 45. Be7 h6 46. Kf3 Kf5 47. h3 Bg1 48. Bf8 h5 49. Bd6 Bd4 50. Be7 Bg1 51. Bd6 1/2-1/2

[Event "Managua Hurtado Memorial 15th"]
[Site "Managua"]
[Date "2015.12.28"]
[Round "4"]
[White "Sandoval Gutierrez, William"]
[Black "Mejia, Giusseped"]
[Result "0-1"]
[WhiteElo "1726"]
[BlackElo "1982"]
[PlyCount "54"]
[EventDate "2015.12.26"]
[EventType "swiss"]
[EventRounds "9"]
[EventCountry "NCA"]
[SourceTitle "CBM 170 Extra"]
[Source "ChessBase"]
[SourceDate "2016.02.25"]
[SourceVersion "1"]
[SourceVersionDate "2016.02.25"]
[SourceQuality "1"]

1. d4 Nf6 2. Nf3 g6 3. Nc3 d5 4. Bf4 Bg7 5. e3 Bg4 6. Be2 0-0 7. Ne5 Bxe2 8. Qxe2 Nbd7 9. h4 c5 10. 0-0-0 c4 11. h5 b5 12. Nc6 Qe8 13. Nxb5 Nb6 14. Nxe7+ Qxe7 15. g4 Qd7 16. g5 Ne4 17. f3 Qxb5 18. fxe4 Qa5 19. Bd6 c3 20. bxc3 Nc4 21. Qxc4 dxc4 22. h6 Bh8 23. e5 Rfd8 24. Bb4 Qa3+ 25. Kd2 Qa4 26. Ra1 Qc6 27. Rhg1 Bxe5 0-1